000 00928nam a2200265Ia 4500
003 OSt
005 20220923211524.0
006 a|||||r|||| 00| 0
007 ta
008 220922b |||||||| |||| 00| 0 san d
020 _a9789381067772 (hbk)
_c495
024 _a349,348
037 _b257, 29/01/2019, Eastern Book Linkers
_cTextual
040 _aARTS
_cARTS
_bsan
041 _2san
_asan
082 _aO15v, 152Q7
100 _aपूनम, ले.
_9159534
245 0 _aसंस्कृत साहित्य का इतिहास
246 _aSanskṛut sāhitya kā itihāsa
260 _aनई दिल्ली
_b आर्या पब्लिकेशन
_c2017
300 _a160पृ0
_ccm.
650 _aसंस्कृत साहित्य
942 _hO15v, 152Q7
_cTEXL
_2CC
999 _c300382
_d300382